Fruit breeding (Record no. 141663)

MARC details
000 -LEADER
fixed length control field 00497nam a22002057a 4500
003 - CONTROL NUMBER IDENTIFIER
control field OSt
020 ## - INTERNATIONAL STANDARD BOOK NUMBER
International Standard Book Number 9789383305513
082 ## - DEWEY DECIMAL CLASSIFICATION NUMBER
Classification number 634.0452
Item number DIN/FR
245 ## - TITLE STATEMENT
Title Fruit breeding
260 ## - PUBLICATION, DISTRIBUTION, ETC. (IMPRINT)
Place of publication, distribution, etc New Delhi
Name of publisher, distributor, etc New India publishing agency
Date of publication, distribution, etc 2015
300 ## - PHYSICAL DESCRIPTION
Extent xiii, 352 Pages
546 ## - LANGUAGE
Language note English
650 ## - SUBJECT ADDED ENTRY--TOPICAL TERM
Topical term or geographic name as entry element Fruit crops
650 ## - SUBJECT ADDED ENTRY--TOPICAL TERM
Topical term or geographic name as entry element Rootstock breeding
650 ## - SUBJECT ADDED ENTRY--TOPICAL TERM
Topical term or geographic name as entry element Sapota breeding
650 ## - SUBJECT ADDED ENTRY--TOPICAL TERM
Topical term or geographic name as entry element Jackfruit breeding
650 ## - SUBJECT ADDED ENTRY--TOPICAL TERM
Topical term or geographic name as entry element Jamun breeding
700 ## - ADDED ENTRY--PERSONAL NAME
Personal name Dinesh M R
942 ## - ADDED ENTRY ELEMENTS (KOHA)
Source of classification or shelving scheme Dewey Decimal Classification
Koha item type Books (General)
Holdings
Lost status Source of classification or shelving scheme Damaged status Not for loan Home library Current library Shelving location Date acquired Cost, normal purchase price Total Checkouts Total Renewals Full call number Barcode Date last seen Date last borrowed Koha item type Collection code
  Dewey Decimal Classification     KAU Central Library, Thrissur KAU Central Library, Thrissur General 16/09/2015 2700.00 15 5 634.0452 DIN/FR 224505 22/03/2024 22/03/2024 Books (General)  
  Dewey Decimal Classification     KAU Central Library, Thrissur KAU Central Library, Thrissur General 14/12/2015 2700.00 8   634.0452 DIN/FR 224869 17/04/2023 17/04/2023 Books (General)  
  Dewey Decimal Classification     KAU Central Library, Thrissur KAU Central Library, Thrissur General 24/05/2023 2700.00 1   634.0452 DIN/FR 812339 29/01/2024 29/01/2024 Books (General) Agriculture
Kerala Agricultural University Central Library
Thrissur-(Dt.), Kerala Pin:- 680656, India
Ph : (+91)(487) 2372219
E-mail: librarian@kau.in
Website: http://library.kau.in/